Regionálna hudobná kultúra na Slovensku

Bibliographic Details
Main Author: Kajanová, Yvetta, 1964- (Author)
Format: Article
Language:Slovak
PhysicalDescription:Mapy
ISSN:9788089236206
Subjects:

MARC

LEADER 00000naa a2200000 ar4500
001 vtls009184636
003 SK-MaSNL
005 20260426023534.0
008 080215|2007 xo |||||||||||100 b|slo
015 |a SNBRA2008/02  |2 snkbucl 
038 |a SNKBUCL 
040 |a SNKBUCL  |b slo  |e AACR2  |c SNKBUCL 
041 0 |a slo 
044 |a xo  |c SK 
080 |a 78  |x (437.6)  |2 2001 
080 |a 78.01  |2 2001 
100 1 |a Kajanová, Yvetta,  |d 1964-  |4 aut  |9 217630 
245 1 0 |a Regionálna hudobná kultúra na Slovensku  |c Yvetta Kajanová 
300 |b Mapy 
504 |a Bibliogr. odkazy 
650 0 7 |a hudba  |2 snkbucl  |9 1063 
650 0 7 |a hudobná kultúra  |2 snkbucl  |9 58402 
650 0 7 |a regionálna hudobná kultúra  |2 snkbucl  |9 834047 
650 0 7 |a amatérski umelci  |2 snkbucl  |9 81531 
650 0 7 |a profesionálni umelci  |2 snkbucl  |9 834048 
651 7 |a Slovensko  |2 snkbucl  |9 14231 
773 0 |t K pocte Alexandra Moyzesa a Ľudovíta Rajtera  |d Bratislava : Stimul, 2007  |g S. 77-108  |x 9788089236206 
852 |a SNK  |b KIS3GCP 
958 |a NB 
999 |c 1345964  |d 1347894